[Event "Golden Rook op"]
[Site "Chotowa"]
[Date "2003.05.09"]
[Round "4"]
[White "Galkiewicz, Dariusz"]
[Black "Kopacz, Jaroslaw"]
[Result "0-1"]
[WhiteElo "2224"]
[BlackElo "2216"]
[PlyCount "68"]
[EventDate "2003.05.??"]
[EventType "swiss"]
[EventRounds "9"]
[EventCountry "POL"]
[SourceTitle "EXT 2005"]
[Source "ChessBase"]
[SourceDate "2004.11.15"]
[SourceVersion "1"]
[SourceVersionDate "2004.11.15"]
[SourceQuality "1"]

1. d4 Nf6 2. c4 g6 3. Nc3 Bg7 4. e4 d6 5. Nf3 0-0 6. Be2 e5 7. 0-0 Nc6 8. d5 Ne7 9. b4 Nd7 10. Re1 f5 11. Ng5 Nf6 12. Bf3 Ne8 13. c5 Bf6 14. cxd6 cxd6 15. Ne6 Bxe6 16. dxe6 Qc8 17. Qb3 Nc7 18. Be2 Kg7 19. Nb5 Nxe6 20. Bc4 Nd4 21. Nxd4 exd4 22. Bb2 fxe4 23. Be6 Qc6 24. Rac1 Qb6 25. Rxe4 d5 26. Re2 Rad8 27. Rd1 Rd6 28. Bg4 Nc6 29. b5 Na5 30. Qh3 Rf7 31. Ba3 Rd8 32. Bc1 Qxb5 33. Qh6+ Kh8 34. h4 d3 0-1

[Event "Golden Rook op"]
[Site "Chotowa"]
[Date "2003.05.08"]
[Round "3"]
[White "Kopacz, Jaroslaw"]
[Black "Ogonowska, Katarzyna"]
[Result "1-0"]
[WhiteElo "2216"]
[BlackElo "1800"]
[PlyCount "53"]
[EventDate "2003.05.??"]
[EventType "swiss"]
[EventRounds "9"]
[EventCountry "POL"]
[SourceTitle "EXT 2005"]
[Source "ChessBase"]
[SourceDate "2004.11.15"]
[SourceVersion "1"]
[SourceVersionDate "2004.11.15"]
[SourceQuality "1"]

1. c4 e5 2. Nc3 Nf6 3. g3 d5 4. cxd5 Nxd5 5. Bg2 Be6 6. Nf3 Nc6 7. 0-0 f5 8. d3 Qf6 9. Ng5 Nde7 10. Nxe6 Qxe6 11. b4 a6 12. Rb1 g6 13. a4 Rb8 14. b5 axb5 15. axb5 Nd8 16. Qa4 b6 17. Ba3 Bg7 18. Bxe7 Qxe7 19. Qa7 Rc8 20. Nd5 Qd6 21. Rfc1 Ne6 22. Nxb6 Rd8 23. Rc6 Qe7 24. Nd5 Qd7 25. Rxe6+ Kf8 26. Re7 Qd6 27. Rxc7 1-0

[Event "Golden Rook op"]
[Site "Chotowa"]
[Date "2003.05.07"]
[Round "2"]
[White "Kopacz, Jaroslaw"]
[Black "Pieczonka, Marcin"]
[Result "1-0"]
[WhiteElo "2216"]
[BlackElo "1800"]
[PlyCount "61"]
[EventDate "2003.05.??"]
[EventType "swiss"]
[EventRounds "9"]
[EventCountry "POL"]
[SourceTitle "EXT 2005"]
[Source "ChessBase"]
[SourceDate "2004.11.15"]
[SourceVersion "1"]
[SourceVersionDate "2004.11.15"]
[SourceQuality "1"]

1. c4 e5 2. Nc3 Nf6 3. g3 d5 4. cxd5 Nxd5 5. Bg2 Nb6 6. Nf3 Nc6 7. 0-0 Be7 8. d3 0-0 9. Be3 Be6 10. Na4 f5 11. Nc5 Bd5 12. Rc1 Rb8 13. a3 f4 14. Bd2 fxg3 15. hxg3 Nd4 16. Ne4 Bb3 17. Qe1 Nc2 18. Rxc2 Bxc2 19. Nxe5 Bb3 20. Be3 Bd5 21. Qa5 Bf6 22. Nxf6+ gxf6 23. Bxb6 Bxg2 24. Bxc7 Qe7 25. Kxg2 Rbc8 26. Qd5+ Kh8 27. Bd6 Qd8 28. Nf7+ Rxf7 29. Qxf7 Qxd6 30. Rh1 Qd5+ 31. Qxd5 1-0

[Event "Golden Rook op"]
[Site "Chotowa"]
[Date "2003.05.06"]
[Round "1"]
[White "Rusiniak, Slawomir"]
[Black "Kopacz, Jaroslaw"]
[Result "1/2-1/2"]
[WhiteElo "2216"]
[BlackElo "1800"]
[PlyCount "79"]
[EventDate "2003.05.??"]
[EventType "swiss"]
[EventRounds "9"]
[EventCountry "POL"]
[SourceTitle "EXT 2005"]
[Source "ChessBase"]
[SourceDate "2004.11.15"]
[SourceVersion "1"]
[SourceVersionDate "2004.11.15"]
[SourceQuality "1"]

1. d4 Nf6 2. c4 g6 3. Nc3 Bg7 4. e4 d6 5. f3 0-0 6. Be3 e5 7. d5 Nh5 8. g4 Nf4 9. Qd2 f5 10. gxf5 gxf5 11. 0-0-0 Qh4 12. Nge2 fxe4 13. Nxf4 exf4 14. Bd4 e3 15. Qg2 Rf7 16. Rg1 Qh6 17. Bxg7 Rxg7 18. Qxg7+ Qxg7 19. Rxg7+ Kxg7 20. Rd4 Bf5 21. Rxf4 Bg6 22. Nd1 Nd7 23. Nxe3 Re8 24. Kd2 Ne5 25. Ng4 h5 26. Nxe5 dxe5 27. Rh4 c6 28. dxc6 bxc6 29. Kc3 Kh6 30. Bd3 Rf8 31. Rh3 Rd8 32. Bxg6 Kxg6 33. Rg3+ Kf6 34. Rg2 Rd1 35. Rd2 Rf1 36. Rd3 Rf2 37. h4 Kf5 38. a4 Kf4 39. b4 Rxf3 40. Kc2 1/2-1/2

[Event "POL-chT 58th 2nd League"]
[Site "Wisla"]
[Date "2002.??.??"]
[Round "?"]
[White "Szymczak, Zbigniew"]
[Black "Kopacz, Jaroslaw"]
[Result "1/2-1/2"]
[WhiteElo "2307"]
[BlackElo "2195"]
[PlyCount "24"]
[EventDate "2002.08.30"]
[EventType "team-swiss"]
[EventRounds "11"]
[EventCountry "POL"]
[SourceTitle "EXT 2019"]
[Source "ChessBase"]
[SourceDate "2018.10.10"]
[SourceVersion "1"]
[SourceVersionDate "2018.10.10"]
[SourceQuality "1"]
[WhiteTeam "Torun Torfarm 64"]
[WhiteTeamCountry "POL"]

1. d4 Nf6 2. c4 c5 3. d5 b5 4. Nf3 g6 5. Qc2 bxc4 6. e4 d6 7. Bxc4 Nbd7 8. Nc3 Bg7 9. 0-0 0-0 10. h3 Nb6 11. Be2 Ne8 12. Bf4 Nc7 1/2-1/2

[Event "POL-chT2 South"]
[Site "Ustron"]
[Date "2001.09.??"]
[Round "?"]
[White "Goj, Artur"]
[Black "Kopacz, Jaroslaw"]
[Result "1/2-1/2"]
[WhiteElo "2280"]
[BlackElo "2184"]
[PlyCount "89"]
[EventDate "2001.09.14"]
[EventType "team-swiss"]
[EventRounds "10"]
[EventCountry "POL"]
[SourceTitle "EXT 2019"]
[Source "ChessBase"]
[SourceDate "2018.10.10"]
[SourceVersion "1"]
[SourceVersionDate "2018.10.10"]
[SourceQuality "1"]

1. d4 Nf6 2. c4 g6 3. g3 Bg7 4. Bg2 0-0 5. Nc3 d6 6. Nf3 Nc6 7. 0-0 Bg4 8. d5 Bxf3 9. exf3 Na5 10. Qe2 c5 11. Rb1 Re8 12. Be3 Nd7 13. Ne4 b6 14. f4 Rb8 15. Nd2 Qc7 16. Rfc1 e6 17. a3 exd5 18. cxd5 Nb7 19. Qd3 Nd8 20. b4 f5 21. a4 Nf7 22. Qa6 Qc8 23. Qd3 Qc7 24. Nf3 Nf6 25. Nd4 Qd7 26. Nc6 Rbc8 27. a5 Ne4 28. bxc5 bxc5 29. Qa6 Rc7 30. Rb3 Nd8 31. Bf1 Nxc6 32. Bb5 Qe7 33. Bxc6 Rd8 34. Qd3 h5 35. h4 Bf6 36. a6 Rf8 37. Rb7 Rf7 38. Kg2 Qd8 39. Rh1 Rce7 40. Qb5 Kg7 41. Rf1 Nc3 42. Qb3 Ne2 43. Qc4 Nd4 44. Rfb1 Qa5 45. Qd3 1/2-1/2

[Event "POL-chT2 South"]
[Site "Ustron"]
[Date "2001.09.??"]
[Round "?"]
[White "Kopacz, Jaroslaw"]
[Black "Seifert, Henryk"]
[Result "1/2-1/2"]
[WhiteElo "2184"]
[BlackElo "2280"]
[PlyCount "99"]
[EventDate "2001.09.14"]
[EventType "team-swiss"]
[EventRounds "10"]
[EventCountry "POL"]
[SourceTitle "EXT 2019"]
[Source "ChessBase"]
[SourceDate "2018.10.10"]
[SourceVersion "1"]
[SourceVersionDate "2018.10.10"]
[SourceQuality "1"]

1. c4 c6 2. Nf3 d5 3. b3 Nf6 4. Bb2 Bf5 5. g3 e6 6. Bg2 Nbd7 7. 0-0 Be7 8. Nc3 0-0 9. d4 h6 10. Ne5 Nxe5 11. dxe5 Nd7 12. cxd5 cxd5 13. e4 dxe4 14. Nxe4 Bxe4 15. Bxe4 Nc5 16. Qf3 Nxe4 17. Qxe4 Qb6 18. Bd4 Qb4 19. Qe3 b6 20. a3 Qb5 21. a4 Qd5 22. a5 Rfd8 23. axb6 Qxd4 24. Qxd4 Rxd4 25. Rxa7 Re8 26. b7 Rb8 27. Rc1 Rdd8 28. Rc8 Kh7 29. Rc7 Bb4 30. Ra4 Be1 31. Kf1 Bd2 32. Ke2 Kg6 33. f4 h5 34. Rc8 Rbxc8 35. bxc8Q Rxc8 36. Kxd2 Kf5 37. h3 f6 38. exf6 gxf6 39. Ra5+ e5 40. fxe5 fxe5 41. Ra4 Rb8 42. g4+ Kf6 43. Kc3 Kg5 44. Re4 Kf6 45. b4 h4 46. g5+ Kf5 47. Rg4 Rc8+ 48. Kd3 Kg6 49. b5 Rb8 50. Kc4 1/2-1/2

[Event "POL-ch U18"]
[Site "Sopot"]
[Date "1997.??.??"]
[Round "?"]
[White "Antoniewski, Rafal"]
[Black "Kopacz, Jaroslaw"]
[Result "1-0"]
[WhiteElo "2310"]
[BlackElo "2190"]
[PlyCount "102"]
[EventDate "1997.??.??"]
[EventType "swiss"]
[EventRounds "10"]
[EventCountry "POL"]
[SourceTitle "EXT 2003"]
[Source "ChessBase"]
[SourceDate "2002.11.25"]
[SourceVersion "1"]
[SourceVersionDate "2002.11.25"]
[SourceQuality "1"]

1. e4 c5 2. Nf3 Nc6 3. Bb5 g6 4. Bxc6 dxc6 5. h3 Bg7 6. d3 e5 7. Be3 Qe7 8. Nfd2 Nf6 9. Nc4 0-0 10. Nbd2 b6 11. 0-0 Ne8 12. a4 Be6 13. Re1 Nc7 14. Qe2 f6 15. f4 Bf7 16. f5 Ne8 17. Qf2 Nd6 18. b3 Nb7 19. a5 Qc7 20. Ra3 Nd6 21. Nxd6 Qxd6 22. Rea1 Rab8 23. axb6 axb6 24. Ra7 Rfd8 25. Nc4 Bxc4 26. bxc4 Rd7 27. R7a6 Rdb7 28. h4 Bf8 29. Qg3 Kf7 30. fxg6+ hxg6 31. Rf1 Be7 32. h5 gxh5 33. Qh4 Qd8 34. Qxh5+ Ke6 35. Raa1 Kd6 36. Rad1 Qe8 37. Qf5 Qd7 38. d4 Qxf5 39. dxc5+ Ke6 40. exf5+ Kf7 41. cxb6 c5 42. Rd5 Rc8 43. Rb1 Rc6 44. Bf2 Rbxb6 45. Rb5 Ra6 46. Rd7 Ke8 47. Rbb7 Bf8 48. Rh7 Rab6 49. Rxb6 Rxb6 50. Rh8 Rb2 51. Bxc5 Rxc2 1-0

[Event "POL-ch U18"]
[Site "Sopot"]
[Date "1997.??.??"]
[Round "?"]
[White "Kopacz, Jaroslaw"]
[Black "Zakonnik, Andrzej"]
[Result "1/2-1/2"]
[WhiteElo "2190"]
[BlackElo "2085"]
[PlyCount "118"]
[EventDate "1997.??.??"]
[EventType "swiss"]
[EventRounds "10"]
[EventCountry "POL"]
[SourceTitle "EXT 2003"]
[Source "ChessBase"]
[SourceDate "2002.11.25"]
[SourceVersion "1"]
[SourceVersionDate "2002.11.25"]
[SourceQuality "1"]

1. c4 Nf6 2. d4 g6 3. Nc3 Bg7 4. g3 0-0 5. Bg2 d6 6. Nf3 Nbd7 7. 0-0 e5 8. e4 c6 9. h3 Qb6 10. dxe5 dxe5 11. Qc2 Qb4 12. b3 Qe7 13. Rd1 Ne8 14. a4 Nc7 15. Ba3 Nc5 16. Nd5 cxd5 17. cxd5 b6 18. d6 Qd7 19. dxc7 Qxc7 20. Rdc1 Qb7 21. Rab1 Be6 22. Bxc5 bxc5 23. Qxc5 Rac8 24. Qe3 Rxc1+ 25. Rxc1 a5 26. Rc5 Qxb3 27. Qxb3 Bxb3 28. Rxa5 Rd8 29. Ra7 f6 30. Bf1 Bf8 31. a5 Rd1 32. Rc7 Ba3 33. Rc8+ Kf7 34. a6 Ra1 35. Kg2 Be6 36. Rc6 Ke7 37. Nd2 Bd7 38. Rc2 Bb4 39. Nb3 Ra3 40. Nc5 Bc6 41. f3 Bxc5 42. Rxc5 Ra2+ 43. Kg1 Kd6 44. Rc3 Ra1 45. Kf2 f5 46. exf5 gxf5 47. f4 exf4 48. gxf4 h5 49. h4 Ra4 50. Kg3 Ra2 51. Re3 Be4 52. Be2 Kd5 53. Bxh5 Rxa6 54. Rb3 Ra1 55. Bf7+ Kd4 56. h5 Rh1 57. Rb4+ Ke3 58. Rb3+ Kd4 59. Rb4+ Kc3 1/2-1/2

[Event "POL-ch U18"]
[Site "Sopot"]
[Date "1997.??.??"]
[Round "?"]
[White "Twardowski, Lukasz"]
[Black "Kopacz, Jaroslaw"]
[Result "1/2-1/2"]
[WhiteElo "2230"]
[BlackElo "2190"]
[PlyCount "95"]
[EventDate "1997.??.??"]
[EventType "swiss"]
[EventRounds "10"]
[EventCountry "POL"]
[SourceTitle "EXT 2003"]
[Source "ChessBase"]
[SourceDate "2002.11.25"]
[SourceVersion "1"]
[SourceVersionDate "2002.11.25"]
[SourceQuality "1"]

1. Nc3 c5 2. f4 Nc6 3. Nf3 g6 4. g3 Bg7 5. Bg2 e6 6. 0-0 Nge7 7. d3 0-0 8. e4 d6 9. Kh1 Rb8 10. a4 a6 11. Ne2 b5 12. axb5 axb5 13. c3 b4 14. d4 bxc3 15. bxc3 cxd4 16. cxd4 d5 17. e5 Na5 18. Nd2 Nf5 19. Qa4 Ra8 20. Rf3 Bd7 21. Qd1 Nc6 22. Rxa8 Qxa8 23. Nb3 Qa7 24. Nc5 Rc8 25. Ra3 Qc7 26. Rc3 Bf8 27. Ba3 Qa7 28. Nxd7 Qxd7 29. Bxf8 Kxf8 30. Qc1 h5 31. Bh3 Nce7 32. Rxc8+ Qxc8 33. Qxc8+ Nxc8 34. Bxf5 gxf5 35. Kg2 Kg7 36. Ng1 Nb6 37. Nf3 Nc4 38. Kf2 Kg6 39. Ke2 Kg7 40. Kd3 Kf8 41. Ne1 Nb2+ 42. Ke2 Kg7 43. Nc2 Kf8 44. Na3 Ke7 45. Kd2 Na4 46. Nb5 Nb6 47. Nd6 Nd7 48. Nc8+ 1/2-1/2

[Event "POL-chT2 U18"]
[Site "Augustow"]
[Date "1996.??.??"]
[Round "?"]
[White "Fengier, Radoslaw"]
[Black "Kopacz, Jaroslaw"]
[Result "1/2-1/2"]
[WhiteElo "2040"]
[BlackElo "2225"]
[PlyCount "35"]
[EventDate "1996.??.??"]
[EventType "team"]
[EventRounds "10"]
[EventCountry "POL"]
[SourceTitle "EXT 2003"]
[Source "ChessBase"]
[SourceDate "2002.11.25"]
[SourceVersion "1"]
[SourceVersionDate "2002.11.25"]
[SourceQuality "1"]

1. Nf3 Nf6 2. c4 g6 3. g3 Bg7 4. Bg2 0-0 5. 0-0 c5 6. Nc3 d5 7. cxd5 Nxd5 8. Nxd5 Qxd5 9. d3 Nc6 10. Be3 Qd6 11. Rc1 Nd4 12. Nxd4 cxd4 13. Bd2 Qb6 14. Qb3 Qxb3 15. axb3 Bg4 16. Rfe1 Rac8 17. Kf1 b6 18. b4 1/2-1/2

[Event "POL-chT U18"]
[Site "Poland"]
[Date "1996.??.??"]
[Round "?"]
[White "Kopacz, Jaroslaw"]
[Black "Lewandowski, Rafal"]
[Result "1/2-1/2"]
[WhiteElo "2215"]
[BlackElo "2135"]
[PlyCount "126"]
[EventDate "1996.??.??"]
[EventType "team"]
[EventRounds "11"]
[EventCountry "POL"]
[SourceTitle "EXT 1999"]
[Source "ChessBase"]
[SourceDate "1998.11.16"]
[SourceVersion "1"]
[SourceVersionDate "1998.11.16"]
[SourceQuality "1"]

1. Nf3 d5 2. c4 e6 3. g3 c5 4. Bg2 Nf6 5. 0-0 Be7 6. d3 0-0 7. e3 Nc6 8. b3 Qc7 9. Bb2 Rb8 10. Nc3 a6 11. cxd5 exd5 12. d4 Rd8 13. dxc5 Bxc5 14. Na4 Be7 15. Rc1 Qd6 16. Nd4 Nxd4 17. Qxd4 b6 18. Rfd1 Be6 19. Qd3 b5 20. Nc5 Nd7 21. Bd4 Nxc5 22. Bxc5 Qd7 23. Bxe7 Qxe7 24. Rc6 Qa3 25. Qd2 h6 26. Rdc1 Rb7 27. R1c2 Rbd7 28. Qd4 Rd6 29. R6c3 Qa5 30. b4 Qb6 31. Rd2 Qxd4 32. exd4 Kf8 33. Kf1 Ke7 34. Rc7+ R8d7 35. Rc5 Rb6 36. Ke2 Rbd6 37. Rd3 Rb6 38. Kd2 Kd6 39. Bf3 Ke7 40. Re3 Rbd6 41. Rec3 Ra7 42. Bd1 Rb7 43. Bb3 Kd8 44. Rc6 Ke7 45. Rc7+ Rxc7 46. Rxc7+ Rd7 47. Rc5 Kd6 48. a4 Rb7 49. Kc3 Rb8 50. Bd1 Rd8 51. Be2 Bd7 52. axb5 axb5 53. Kd2 Rb8 54. Bd3 Bc6 55. Bc2 Re8 56. Rc3 Ra8 57. Bb3 Ra1 58. Rc1 Rxc1 59. Kxc1 Ke6 60. Bc2 Kf6 61. Kd2 Kg5 62. f3 f5 63. Ke3 Kf6 1/2-1/2

[Event "POL-chT U18"]
[Site "Poland"]
[Date "1996.??.??"]
[Round "?"]
[White "Lobejko, Rafal"]
[Black "Kopacz, Jaroslaw"]
[Result "1/2-1/2"]
[WhiteElo "2215"]
[BlackElo "2215"]
[PlyCount "92"]
[EventDate "1996.??.??"]
[EventType "team"]
[EventRounds "11"]
[EventCountry "POL"]
[SourceTitle "EXT 1999"]
[Source "ChessBase"]
[SourceDate "1998.11.16"]
[SourceVersion "1"]
[SourceVersionDate "1998.11.16"]
[SourceQuality "1"]

1. e4 c5 2. Nc3 Nc6 3. g3 g6 4. Bg2 Bg7 5. d3 d6 6. Be3 e6 7. Qd2 Rb8 8. Nge2 Nd4 9. h4 h5 10. 0-0 Ne7 11. Nd1 b5 12. Nc1 Ndc6 13. c3 b4 14. d4 bxc3 15. bxc3 cxd4 16. cxd4 0-0 17. Nb3 Ba6 18. Re1 Bc4 19. Rb1 d5 20. Nc3 dxe4 21. Nxe4 Bxb3 22. axb3 Nxd4 23. Red1 Nef5 24. Bg5 f6 25. Be3 e5 26. b4 Qe7 27. Nc3 Rfd8 28. Qa2+ Kh8 29. Bxd4 Nxd4 30. Ra1 Qxb4 31. Nd5 Qb2 32. Qxb2 Rxb2 33. Rxa7 Rb5 34. Nc3 Ne2+ 35. Kh2 Rxd1 36. Nxd1 Nd4 37. Rd7 f5 38. Bd5 Rb6 39. Ne3 e4 40. Nc4 Nf3+ 41. Kg2 Rb1 42. Nd6 Rg1+ 43. Kh3 Rh1+ 44. Kg2 Rh2+ 45. Kf1 Rh1+ 46. Kg2 Rh2+ 1/2-1/2

[Event "POL-chT2 U18"]
[Site "Augustow"]
[Date "1996.??.??"]
[Round "?"]
[White "Miton, Kamil"]
[Black "Kopacz, Jaroslaw"]
[Result "1-0"]
[WhiteElo "2200"]
[BlackElo "2225"]
[PlyCount "59"]
[EventDate "1996.??.??"]
[EventType "team"]
[EventRounds "10"]
[EventCountry "POL"]
[SourceTitle "EXT 2003"]
[Source "ChessBase"]
[SourceDate "2002.11.25"]
[SourceVersion "1"]
[SourceVersionDate "2002.11.25"]
[SourceQuality "1"]

1. d4 Nf6 2. c4 c5 3. d5 b5 4. cxb5 a6 5. f3 d6 6. e4 g6 7. a4 Bg7 8. Na3 0-0 9. Ne2 axb5 10. Nxb5 Ne8 11. Nec3 Nc7 12. Be2 Nxb5 13. Nxb5 Na6 14. 0-0 Nc7 15. Nc3 Bd7 16. Be3 Na6 17. Qd2 Qc7 18. Nb5 Bxb5 19. Bxb5 Rfb8 20. Rac1 e6 21. b3 exd5 22. Qxd5 Nb4 23. Qd2 Qe7 24. Rcd1 Rd8 25. Bc4 Kh8 26. Rfe1 Rab8 27. Bf2 h5 28. Bg3 Rb6 29. a5 Rc6 30. Bb5 1-0